| 000 | 00551nam a2200193Ia 4500 | ||
|---|---|---|---|
| 999 |
_c28078 _d28078 |
||
| 003 | 0100 | ||
| 005 | 20170405121350.0 | ||
| 008 | 130303s9999 xx 000 0 und d | ||
| 040 | _cARRUPELIB | ||
| 050 | _aBX3756.M406S631977 | ||
| 100 |
_aSmith, Jeffrey H _929664 |
||
| 245 | _aFrom Corps to Core | ||
| 245 | _bthe life of John P. Markoe Soldier, Priest and Pioneer Activist | ||
| 260 | _aFlorissant, Missouri | ||
| 260 | _bST. Stanislaus Historical Museum Inc | ||
| 300 | _a120p. | ||
| 300 | _b 24cm. | ||
| 440 |
_aMidwest jesuit historical series, vol. 1 _929665 |
||
| 600 |
_aMarkoe, John P. _929666 |
||
| 942 |
_2lcc _cMONOGRAPH |
||